00377nam a22001337a 450000500170000000800410001704100120005808200130007010000130008324500400009626000560013630000250019265000260021720240705102838.0240705b |||||||| |||| 00| 0 eng d aEnglish a349 PRE  lEnglish  aPrentice Hall Weekly Legal Service  aDurban: bPrentice Hall Services (Pty) Ltd, c1935  b126 pages; c26 cm.  aLegal practice bLaw